Governance of Social Tipping Points Resilience of the European Union’s Periphery vis-à-vis Migration, Climate Change and War

Salvato in:
Dettagli Bibliografici
Autore principale: Szabó, Jakub, 1996-
Altri autori: Puškárová, Paula, 1985-, Černota, Mikuláš, 1979-
Natura: Libro
Lingua:inglese
Pubblicazione: Cham Springer Nature Switzerland 2023
Edizione:1st Edition
Soggetti:
Tags: Aggiungi Tag
Nessun Tag, puoi essere il primo ad aggiungerne!!

MARC

LEADER 00000nam a2200000 4500
001 0298064
005 20250108081037.8
020 |a 978-3-031-47413-2 
020 |a 978-3-031-47412-5 
041 0 |a eng 
044 |a CH 
245 1 0 |a Governance of Social Tipping Points  |b Resilience of the European Union’s Periphery vis-à-vis Migration, Climate Change and War  |c Jakub Szabó, Paula Puškárová, Mikuláš Černota 
250 |a 1st Edition 
264 1 |a Cham  |b Springer Nature Switzerland  |c 2023 
300 |a 156 s. [13,20 AH] 
610 2 0 |a geografia sociálna 
610 2 0 |a geopolitika 
610 2 0 |a politika regionálna 
610 2 0 |a ekonomika priestorová 
610 2 0 |a priestor 
610 2 0 |a migrácia 
610 2 0 |a zmeny klimatické 
610 2 0 |a systémy sociálne 
610 2 0 |a ekosystémy 
610 2 0 |a vojny 
610 2 0 |a Európska únia 
100 1 |a Szabó, Jakub, 1996- 
700 1 |a Puškárová, Paula, 1985- 
700 1 |a Černota, Mikuláš, 1979-